000 00291nam a2200097Ia 4500
082 _a916.8711|GREE
245 0 _aCape Town, tavern of the seas
100 _a GREEN, Lawrence George Alberton, South Africa, 2005
_946173
942 _cBK
008 210817s9999 xx 000 0 und d
999 _c152108
_d152107